000 00582nam a2200193Ia 4500
003 GCL
008 140319s9999 xx 000 0 ara d
040 _aGCL /
_cGCL
082 0 4 _a805
_bد هـ
100 1 _aدار الهلال
245 1 0 _aالهلال - اغسطس 1970 /
_cدار الهلال
300 _a209 ص
490 _aالهيئة العامة للاستعلامات
_v0
650 0 4 _aالادب العربى
650 0 4 _aالقصص العربية
650 0 4 _aالدوريات
650 0 4 _aالقصص القصيرة - تاريخ ونقد
942 _2ddc
_cBK
999 _c51592
_d51592